000 01139nam a22002177a 4500
999 _c18219
_d18219
005 20251125232904.0
008 s2540 th tha d
040 _aNALT
041 _atha
100 0 _aธวัชชัย เทพรัตน์
245 1 0 _aรวมพระราชบัญญัติเครื่องหมายการค้า พ.ศ. 2534 และกฎหมายลำดับรอง
260 3 _aกรุงเทพฯ :
_bหอสมุดรัฐสภา สำนักงานเลขาธิการสภาผู้แทนราษฎร,
_c2540
300 _a112 หน้า :
_b ตาราง ;
_c 29 ซม.
650 0 4 _aเครื่องหมายการค้า -- กฎหมายและระเบียบข้อบังคับ
650 0 4 _aเครื่องหมายการค้า (พ.ร.บ.) -- 2534
850 _aNALT
856 4 0 _uhttps://hdl.handle.net/20.500.14156/465221
942 _cLB
_2lcc
998 _j25
_k นีลวัสน์ อินทรักษา
090 _aKS 108 ส226ร 2540